000 00761nam a22002297a 4500
999 _c3905
_d3905
003 AR-CdUCM
008 190307b ||||| |||| 00| 0 spa d
020 _a84-01-32184-0
040 _aMUNICIPALIDAD PROVINCIAL DEL CUSCO
_cBIBLIOTECA MUNICIPAL DEL CUSCO
041 _heng
082 _a818.5 /
_bM53
100 _aMichener, James A.
_912525
245 _aTexas /
260 _aBarcelona :
_bPlaza y James,
_c1986.
300 _a1020 paginas ;
_c23 cm.
505 _aLo real y lo ficticio -- La fuerza de trabajo del gobernador -- Tierra de muchas tierras -- La misión -- El camino real -- Los colonos ...
650 _aNovelas estadounidenses
_9734
650 _aSiglo XX
_98
700 _aFerrer Aleu, J.
_912526
942 _2ddc
_cLIBROS
945 _aacv